|
|
|
|
| LEADER |
00719cam a2200205 7i4500 |
| 001 |
0000001355 |
| 005 |
20171031090000.0 |
| 020 |
|
|
|a 983958510X (pbk.)
|
| 090 |
0 |
0 |
|a QA297
|b .B34 1996
|
| 100 |
0 |
|
|a Bahrom bin Sanugi
|
| 245 |
1 |
0 |
|a Analisis berangka
|c Bahrom bin Sanugi.
|
| 260 |
|
|
|a Johor:
|b Universiti Teknologi Malaysia,
|c 1996.
|
| 300 |
|
|
|a 198 p.;
|c 23 cm.
|
| 500 |
|
|
|a Includes index
|
| 650 |
0 |
0 |
|a Concrete construction
|
| 700 |
0 |
|
|a Zaini Ujang
|
| 997 |
|
|
|a Engineering & Life Sciences, Faculty
|b Engineering, Department
|
| 999 |
|
|
|a 0000000914
|b BOK
|c OPEN SHELF
|e 2nd Floor, Bestari Jaya
|
| 999 |
|
|
|a 0000000915
|b BOK
|c OPEN SHELF
|e 2nd Floor, Bestari Jaya
|
| 999 |
|
|
|a 0000000916
|b BOK
|c OPEN SHELF
|e 2nd Floor, Bestari Jaya
|